<?xml version="1.0" encoding="UTF-8"?>
<record
    xmlns:xsi="http://www.w3.org/2001/XMLSchema-instance"
    xsi:schemaLocation="http://www.loc.gov/MARC21/slim http://www.loc.gov/standards/marcxml/schema/MARC21slim.xsd"
    xmlns="http://www.loc.gov/MARC21/slim">

  <leader>02063cam a22002897a 4500</leader>
  <controlfield tag="001">14887903</controlfield>
  <controlfield tag="003">OSt</controlfield>
  <controlfield tag="005">20220817121943.0</controlfield>
  <controlfield tag="008">070612s2007    mou      f    000 0 eng d</controlfield>
  <datafield tag="020" ind1=" " ind2=" ">
    <subfield code="a">9780323031592</subfield>
  </datafield>
  <datafield tag="020" ind1=" " ind2=" ">
    <subfield code="a">0323031595</subfield>
  </datafield>
  <datafield tag="040" ind1=" " ind2=" ">
    <subfield code="c">LC</subfield>
  </datafield>
  <datafield tag="050" ind1="0" ind2="0">
    <subfield code="a">RT51.P365</subfield>
  </datafield>
  <datafield tag="100" ind1=" " ind2=" ">
    <subfield code="a">Castaldi, Patricia A.</subfield>
    <subfield code="9">197</subfield>
  </datafield>
  <datafield tag="245" ind1="1" ind2="0">
    <subfield code="a">Skills performance checklists to accompany clinical nursing skills &amp; techniques </subfield>
    <subfield code="c">Patricia A. Castaldi, Anne Griffin Perry.</subfield>
  </datafield>
  <datafield tag="250" ind1=" " ind2=" ">
    <subfield code="a">6th ed.</subfield>
  </datafield>
  <datafield tag="260" ind1=" " ind2=" ">
    <subfield code="a">St. Louis, Missouri:</subfield>
    <subfield code="b">Mosby Elsevier,</subfield>
    <subfield code="c">2005.</subfield>
  </datafield>
  <datafield tag="300" ind1=" " ind2=" ">
    <subfield code="a">x, 515 p. ;</subfield>
    <subfield code="c">28 cm.</subfield>
  </datafield>
  <datafield tag="505" ind1=" " ind2=" ">
    <subfield code="a">Contents: Admitting, transfer and discharge -- Communication -- Reporting and recording -- Safety -- Disaster preparedness -- Comfort -- End of life care/palliative care -- Medical asepsis -- Sterile technique -- Body mechanics, transfer and positioning -- Exercise and ambulation -- Orthopedic measures -- Support surfaces and special beds -- Personal hygiene and bed making -- Pressure ulcer care -- Care of the eye and ear prostheses -- Vital signs -- Health history and physical examination -- Preparing for medication administration -- Oral and topical medications -- Parenteral medications -- Oxygen therapy -- Performing chest physiotherapy -- Airway management -- Closed chest drainage systems -- Emergency measures for life support -- Intravenous therapy -- Blood transfusions -- Oral nutrition -- Enteral nutrition -- Parenteral nutrition -- Urinary elimination -- Bowel elimination and gastric intubation -- Ostomy care -- Preoperative and postoperative care -- Intraoperative care -- Wound care and irrigations -- Dressings -- Binders and bandages -- Hot and cold therapy -- Home care safety -- Home care teaching -- Specimen collection -- Diagnostic procedures --  </subfield>
  </datafield>
  <datafield tag="650" ind1=" " ind2=" ">
    <subfield code="a">Nursing</subfield>
    <subfield code="9">102</subfield>
  </datafield>
  <datafield tag="650" ind1=" " ind2=" ">
    <subfield code="a">Nursing care</subfield>
    <subfield code="9">105</subfield>
  </datafield>
  <datafield tag="650" ind1=" " ind2=" ">
    <subfield code="a">Nursing</subfield>
    <subfield code="9">102</subfield>
  </datafield>
  <datafield tag="700" ind1=" " ind2=" ">
    <subfield code="a">Perry, Anne Griffin </subfield>
    <subfield code="9">110</subfield>
  </datafield>
  <datafield tag="942" ind1=" " ind2=" ">
    <subfield code="2">lcc</subfield>
    <subfield code="c">BK</subfield>
  </datafield>
  <datafield tag="999" ind1=" " ind2=" ">
    <subfield code="c">9152</subfield>
    <subfield code="d">16652</subfield>
  </datafield>
  <datafield tag="952" ind1=" " ind2=" ">
    <subfield code="0">0</subfield>
    <subfield code="1">0</subfield>
    <subfield code="2">lcc</subfield>
    <subfield code="4">0</subfield>
    <subfield code="7">0</subfield>
    <subfield code="a">WIUC-KL</subfield>
    <subfield code="b">WIUC-KL</subfield>
    <subfield code="c">NURS L.</subfield>
    <subfield code="d">2019-11-26</subfield>
    <subfield code="l">0</subfield>
    <subfield code="o">RT51.P365(6e)</subfield>
    <subfield code="p">KSN/820/820/19</subfield>
    <subfield code="r">2022-08-17 00:00:00</subfield>
    <subfield code="w">2022-08-17</subfield>
    <subfield code="y">BK</subfield>
  </datafield>
</record>
